00562cam a2200169 a 4500020003500000041000800035082002000043245006200063260005900125300001600184650002600200700002100226700002200247942000700269952009900276999001700375 a0802844278 (pbk. : alk. paper) aENG00a221.071173bHES00aMake the Old Testament live :From Curriculum to Classroom aGrand Rapids, Mich. :bW.B. Eerdmans Pub. Co.,cc1998. ax, 218 p. ; aBible - Old Testament1 aHess, Richard S.1 aWenham, Gordon J. cBK 00104070aHMIbHMIcGENd2018-11-02l0o221.071173 HESp11003845r2026-01-16w2026-01-16yBK c22482d22482